| 000 | 00606nam a2200193 i 4500 | ||
|---|---|---|---|
| 001 | 49307 | ||
| 003 | ES-MaACL | ||
| 005 | 20230906161924.0 | ||
| 007 | t| | ||
| 008 | 030714s1984 sp |||| | spa d | ||
| 020 | _a84-500-9579-4 | ||
| 080 | _a342.531(46)"1979/1982(045) | ||
| 110 | 1 |
_aEspaña. _bCortes Generales. _bSenado. _93674 |
|
| 245 | 1 | 0 |
_aMemoria de la I legislatura del Senado _b: (1979-1982). |
| 260 |
_aMadrid : _bSecretaría General del Senado, _c[1984] |
||
| 300 |
_a487 p. ; _c27 cm. |
||
| 610 | 1 | 4 |
_aEspaña. _bCortes Generales. _bSenado- _vMemorias. _9159388 |
| 852 |
_aES-MaACL _jL-5556 |
||
| 999 |
_c49307 _d49307 |
||